000
00234nam a22001097a 4500
082
_a
720/KUM
100
_a
Kumari,K
_9
75726
245
_a
Indian Heritage
260
_a
Delhi
_b
N.K.Pub.
_c
2019
650
_a
Architecture
_9
259
942
_c
BK
999
_c
65402
_d
65402